000 00399 a2200133 4500
999 _c5692
_d5692
020 _a9789251091791
050 _aSB118SEE2016
245 _aSeed security assessment :
_ba practitioner's guide /
264 _aUnited Nations:
_bFood and agriculture organisation of the united nations,
_c2016
300 _a61p. :
500 _aincludes index
650 _aseed security
942 _2lcc
_cBK
_h118
_iSEE
_kSB